[Event "Small Nations"]
[Site "?"]
[Date "2015.04.19"]
[Round "1.2"]
[White "Wiedenkeller, Michael"]
[Black "Butnorius, Algimantas"]
[Result "1/2-1/2"]
[BlackElo "2379"]
[WhiteElo "2470"]
[LiveChessVersion "1.4.5"]

1. d4 {[%clk 1:30:45]} Nf6 {[%clk 1:30:53]} 2. c4 {[%clk 1:30:53]} e6
{[%clk 1:31:16]} 3. Nc3 {[%clk 1:31:08]} Bb4 {[%clk 1:31:36]} 4. Qc2
{[%clk 1:31:15]} O-O {[%clk 1:31:28]} 5. e4 {[%clk 1:31:12]} d5 {[%clk 1:31:30]}
6. e5 {[%clk 1:31:00]} Ne4 {[%clk 1:31:50]} 7. Bd3 {[%clk 1:30:23]} c5
{[%clk 1:30:57]} 8. Nf3 {[%clk 1:29:20]} cxd4 {[%clk 1:23:45]} 9. Nxd4
{[%clk 1:29:31]} Nd7 {[%clk 1:20:35]} 10. Bf4 {[%clk 1:27:22]} Ndc5
{[%clk 1:16:12]} 11. O-O Bxc3 {[%clk 1:03:48]} 12. bxc3 {[%clk 1:21:00]} Bd7
{[%clk 0:52:34]} 13. Be2 {[%clk 1:11:49]} Na4 {[%clk 0:43:52]} 14. cxd5
{[%clk 0:50:59]} exd5 {[%clk 0:38:00]} 15. c4 {[%clk 0:32:57]} Rc8
{[%clk 0:34:12]} 16. Bd3 {[%clk 0:28:10]} b5 {[%clk 0:32:06]} 17. Bxe4
{[%clk 0:24:55]} dxe4 {[%clk 0:32:23]} 18. Qxe4 {[%clk 0:22:52]} Rxc4
{[%clk 0:32:01]} 19. Be3 {[%clk 0:14:23]} Nc3 {[%clk 0:23:50]} 20. Qd3
{[%clk 0:13:00]} Bc6 {[%clk 0:18:21]} 21. f3 {[%clk 0:09:20]} Qd5
{[%clk 0:14:43]} 22. Rfe1 {[%clk 0:07:54]} b4 {[%clk 0:08:07]} 23. Qd2
{[%clk 0:07:35]} Rd8 {[%clk 0:03:36]} 24. Nb3 {[%clk 0:07:32]} Rd7
{[%clk 0:01:58]} 25. Qxd5 {[%clk 0:01:35]} Bxd5 {[%clk 0:01:46]} 26. a3
{[%clk 0:01:07]} bxa3 {[%clk 0:01:19]} 27. Rxa3 {[%clk 0:01:36]} Ra4
{[%clk 0:01:05]} 28. Rxa4 {[%clk 0:00:59]} Nxa4 {[%clk 0:01:33]} 29. Rd1
{[%clk 0:00:58]} a6 {[%clk 0:01:03]} 30. Na5 {[%clk 0:00:41]} Be6
{[%clk 0:00:52]} 31. Rb1 {[%clk 0:00:39]} h6 {[%clk 0:01:02]} 32. Rb8+
{[%clk 0:00:41]} Kh7 {[%clk 0:01:28]} 33. Ra8 {[%clk 0:00:42]} Rd5
{[%clk 0:00:54]} 34. Nc6 {[%clk 0:00:53]} Nb2 {[%clk 0:00:58]} 35. Rxa6
{[%clk 0:00:53]} Nc4 {[%clk 0:01:06]} 36. Kf2 {[%clk 0:00:33]} Nxe5
{[%clk 0:01:17]} 37. Nxe5 {[%clk 0:00:34]} Rxe5 {[%clk 0:01:43]} 38. Rc6 1/2-1/2

[Event "Small Nations"]
[Site "?"]
[Date "2015.04.19"]
[Round "1.3"]
[White "Van Hoolandt, Patrick"]
[Black "Gengler, Pierre"]
[Result "1/2-1/2"]
[BlackElo "2195"]
[WhiteElo "2107"]
[LiveChessVersion "1.4.5"]

1. d4 {[%clk 1:30:55]} Nf6 {[%clk 1:30:57]} 2. c4 {[%clk 1:30:51]} g6
{[%clk 1:31:20]} 3. Nc3 {[%clk 1:29:51]} Bg7 {[%clk 1:31:46]} 4. e4
{[%clk 1:30:03]} O-O {[%clk 1:32:11]} 5. Nf3 {[%clk 1:30:30]} d6 {[%clk 1:32:36]}
6. Be3 {[%clk 1:30:33]} c5 {[%clk 1:33:00]} 7. d5 {[%clk 1:26:04]} Na6
{[%clk 1:32:50]} 8. Bd3 {[%clk 1:22:54]} Nc7 {[%clk 1:33:08]} 9. O-O
{[%clk 1:22:24]} e6 {[%clk 1:33:19]} 10. a4 {[%clk 1:12:36]} exd5
{[%clk 1:33:42]} 11. exd5 {[%clk 1:11:27]} Na6 {[%clk 1:34:08]} 12. h3
{[%clk 1:07:40]} Nb4 {[%clk 1:34:34]} 13. Bb1 {[%clk 1:07:57]} b6
{[%clk 1:34:54]} 14. Ne1 {[%clk 1:02:11]} Ba6 {[%clk 1:31:20]} 15. Nb5
{[%clk 1:02:13]} Bb7 {[%clk 1:29:39]} 16. Nd3 {[%clk 0:57:30]} Na6
{[%clk 1:26:17]} 17. Bf4 {[%clk 0:55:18]} Ne8 {[%clk 1:26:19]} 18. Qf3
{[%clk 0:47:27]} Nac7 {[%clk 1:26:26]} 19. Nc3 {[%clk 0:41:28]} Ne6
{[%clk 1:24:59]} 20. Re1 {[%clk 0:37:32]} Nxf4 {[%clk 1:22:00]} 21. Qxf4
{[%clk 0:37:36]} a6 {[%clk 1:20:34]} 22. Bc2 {[%clk 0:32:24]} Rb8
{[%clk 1:13:32]} 23. h4 {[%clk 0:28:40]} Nf6 {[%clk 1:07:03]} 24. Bd1
{[%clk 0:19:40]} Bc8 {[%clk 1:00:08]} 25. Bf3 {[%clk 0:18:15]} Bf5
{[%clk 0:47:27]} 26. Rad1 {[%clk 0:17:24]} Qd7 {[%clk 0:37:47]} 27. b3
{[%clk 0:09:49]} Rbe8 {[%clk 0:32:04]} 28. Ne4 {[%clk 0:09:45]} Bxe4
{[%clk 0:22:14]} 29. Bxe4 {[%clk 0:10:13]} Ng4 {[%clk 0:20:21]} 30. Bf3
{[%clk 0:07:24]} Ne5 {[%clk 0:20:35]} 31. Be2 {[%clk 0:03:23]} Nxd3
{[%clk 0:20:10]} 32. Bxd3 {[%clk 0:03:30]} Be5 {[%clk 0:20:08]} 33. Qf3
{[%clk 0:03:29]} Qd8 {[%clk 0:19:59]} 34. Qh3 {[%clk 0:01:16]} Qf6
{[%clk 0:20:10]} 35. Rf1 {[%clk 0:01:16]} Bd4 {[%clk 0:20:04]} 36. Qg4
{[%clk 0:01:00]} Re7 {[%clk 0:19:59]} 37. g3 {[%clk 0:01:04]} Rfe8
{[%clk 0:20:06]} 38. Kg2 {[%clk 0:01:20]} Bc3 {[%clk 0:14:27]} 39. h5
{[%clk 0:00:53]} Re5 {[%clk 0:12:01]} 40. hxg6 {[%clk 0:00:35]} hxg6
{[%clk 0:12:15]} 41. Rh1 {[%clk 0:29:28]} Bd4 {[%clk 0:35:09]} 42. Rdf1
{[%clk 0:24:22]} Qg7 {[%clk 0:29:23]} 43. Qd7 {[%clk 0:21:19]} Qf6
{[%clk 0:29:20]} 44. Qg4 {[%clk 0:21:42]} Qg7 {[%clk 0:29:37]} 45. Rh3
{[%clk 0:20:42]} Qf6 {[%clk 0:28:21]} 46. Rh6 {[%clk 0:19:06]} Re1
{[%clk 0:18:43]} 47. Bxg6 {[%clk 0:09:39]} Kf8 {[%clk 0:08:38]} 48. Rxe1
{[%clk 0:03:19]} Qxf2+ {[%clk 0:07:07]} 49. Kh3 {[%clk 0:03:33]} Qxe1
{[%clk 0:03:34]} 50. Qf3 {[%clk 0:03:42]} Re7 {[%clk 0:02:30]} 51. Rh7
{[%clk 0:03:05]} Bg7 {[%clk 0:02:52]} 52. Rh4 {[%clk 0:02:11]} Qe3
{[%clk 0:01:35]} 53. Qf5 {[%clk 0:00:42]} Qe5 {[%clk 0:01:32]} 54. Rf4
{[%clk 0:00:35]} Qxf5+ {[%clk 0:01:49]} 55. Rxf5 {[%clk 0:00:49]} 1/2-1/2

[Event "Small Nations"]
[Site "?"]
[Date "2015.04.19"]
[Round "1.4"]
[White "Mossong, Hubert"]
[Black "Ribbegren, Karl Johan"]
[Result "1-0"]
[BlackElo "2244"]
[WhiteElo "2103"]
[LiveChessVersion "1.4.5"]

1. e4 {[%clk 1:30:55]} Nf6 {[%clk 1:30:51]} 2. d3 {[%clk 1:29:53]} e5
{[%clk 1:29:36]} 3. Nf3 {[%clk 1:24:22]} Nc6 {[%clk 1:28:19]} 4. Nc3
{[%clk 1:22:39]} Bb4 {[%clk 1:24:16]} 5. g3 {[%clk 1:18:04]} O-O {[%clk 1:18:48]}
6. Bg2 {[%clk 1:18:20]} h6 {[%clk 1:16:12]} 7. O-O {[%clk 1:18:24]} d6
{[%clk 1:14:30]} 8. h3 {[%clk 1:17:33]} Be6 {[%clk 1:13:28]} 9. Bd2
{[%clk 1:08:52]} Qd7 {[%clk 1:09:28]} 10. Kh2 {[%clk 1:08:15]} Rad8
{[%clk 1:09:06]} 11. a3 {[%clk 1:06:15]} Ba5 {[%clk 1:06:40]} 12. b4
{[%clk 0:56:51]} Bb6 {[%clk 1:04:54]} 13. Ne2 {[%clk 0:54:56]} Ne7
{[%clk 1:00:31]} 14. c4 {[%clk 0:51:40]} c6 {[%clk 0:56:20]} 15. Qc2
{[%clk 0:51:00]} Ng6 {[%clk 0:49:45]} 16. Bc3 {[%clk 0:49:12]} Bc7
{[%clk 0:46:53]} 17. Rad1 {[%clk 0:43:42]} Qe7 {[%clk 0:42:20]} 18. Rfe1
{[%clk 0:42:13]} Nh7 {[%clk 0:39:41]} 19. Bb2 {[%clk 0:34:43]} f5
{[%clk 0:31:14]} 20. Neg1 {[%clk 0:23:59]} f4 {[%clk 0:24:04]} 21. d4
{[%clk 0:20:02]} Ng5 {[%clk 0:19:40]} 22. dxe5 {[%clk 0:18:28]} dxe5
{[%clk 0:17:43]} 23. c5 {[%clk 0:15:00]} h5 {[%clk 0:13:47]} 24. Nxg5
{[%clk 0:13:42]} Qxg5 {[%clk 0:13:45]} 25. Nf3 {[%clk 0:13:57]} Qf6
{[%clk 0:11:47]} 26. h4 {[%clk 0:13:35]} Rxd1 {[%clk 0:11:12]} 27. Qxd1
{[%clk 0:12:37]} Qd8 {[%clk 0:07:14]} 28. Ng5 {[%clk 0:11:55]} Qxd1
{[%clk 0:06:59]} 29. Rxd1 {[%clk 0:12:12]} Bg4 {[%clk 0:07:23]} 30. f3
{[%clk 0:08:43]} Bc8 {[%clk 0:07:02]} 31. Bf1 {[%clk 0:07:36]} fxg3+
{[%clk 0:05:35]} 32. Kxg3 {[%clk 0:07:56]} Nf4 {[%clk 0:05:13]} 33. Bc4+
{[%clk 0:08:02]} Kh8 {[%clk 0:05:28]} 34. Nf7+ {[%clk 0:07:36]} Kh7
{[%clk 0:05:41]} 35. Bxe5 {[%clk 0:04:26]} Bxe5 {[%clk 0:04:43]} 36. Nxe5
{[%clk 0:04:48]} Ne6 {[%clk 0:02:38]} 37. Rd6 {[%clk 0:03:06]} Re8
{[%clk 0:02:07]} 38. Nf7 {[%clk 0:02:50]} g6 {[%clk 0:02:20]} 39. Bxe6
{[%clk 0:03:08]} Bxe6 {[%clk 0:02:22]} 40. Ng5+ 1-0

[Event "Small Nations"]
[Site "?"]
[Date "2015.04.19"]
[Round "1.5"]
[White "De La Riva Aguado, Oscar"]
[Black "Nielsen, Hogni Egilstoft"]
[Result "1-0"]
[BlackElo "2382"]
[WhiteElo "2507"]
[LiveChessVersion "1.4.5"]

1. e4 {[%clk 1:30:57]} e5 {[%clk 1:30:45]} 2. Nf3 {[%clk 1:30:40]} Nc6
{[%clk 1:30:52]} 3. Nc3 {[%clk 1:29:12]} Nf6 {[%clk 1:30:09]} 4. g3
{[%clk 1:28:09]} Bc5 {[%clk 1:29:21]} 5. Bg2 {[%clk 1:28:24]} d6 {[%clk 1:27:07]}
6. d3 {[%clk 1:27:12]} a6 {[%clk 1:26:10]} 7. Be3 {[%clk 1:25:45]} Bxe3
{[%clk 1:16:00]} 8. fxe3 {[%clk 1:26:03]} O-O {[%clk 1:12:23]} 9. O-O
{[%clk 1:18:18]} Ne7 {[%clk 1:10:32]} 10. Nh4 {[%clk 1:14:49]} c6
{[%clk 1:05:28]} 11. Qd2 {[%clk 1:13:53]} Ng6 {[%clk 1:03:29]} 12. Nf5
{[%clk 1:09:50]} d5 {[%clk 0:48:34]} 13. h3 {[%clk 1:02:29]} dxe4
{[%clk 0:28:05]} 14. Nxe4 {[%clk 0:55:45]} Nxe4 {[%clk 0:23:27]} 15. Bxe4
{[%clk 0:56:03]} Be6 {[%clk 0:20:41]} 16. Kh2 {[%clk 0:53:15]} Qb6
{[%clk 0:18:01]} 17. b3 {[%clk 0:50:41]} Rad8 {[%clk 0:15:29]} 18. g4
{[%clk 0:22:21]} Bd5 {[%clk 0:08:02]} 19. Ng3 {[%clk 0:20:51]} Bxe4
{[%clk 0:03:07]} 20. Nxe4 {[%clk 0:21:15]} Ne7 {[%clk 0:02:39]} 21. g5
{[%clk 0:20:08]} Nc8 {[%clk 0:01:48]} 22. Qg2 {[%clk 0:07:21]} Nd6
{[%clk 0:00:42]} 23. Nf6+ {[%clk 0:06:41]} Kh8 {[%clk 0:01:10]} 24. Ng4
{[%clk 0:07:04]} Qc5 {[%clk 0:00:52]} 25. Rf2 {[%clk 0:07:13]} e4
{[%clk 0:00:45]} 26. h4 {[%clk 0:05:55]} exd3 {[%clk 0:00:36]} 27. cxd3
{[%clk 0:06:17]} Nf5 {[%clk 0:00:48]} 28. d4 {[%clk 0:04:07]} Qc3
{[%clk 0:00:35]} 29. Rxf5 {[%clk 0:03:41]} Qxa1 {[%clk 0:00:59]} 30. h5
{[%clk 0:04:07]} Rd5 {[%clk 0:00:34]} 31. Ne5 {[%clk 0:03:52]} f6
{[%clk 0:00:32]} 32. h6 {[%clk 0:04:07]} g6 {[%clk 0:00:32]} 33. gxf6
{[%clk 0:04:10]} Qd1 {[%clk 0:00:32]} 34. f7 {[%clk 0:03:42]} Qe1
{[%clk 0:00:32]} 35. Qg5 {[%clk 0:03:05]} Rd6 {[%clk 0:00:32]} 36. Rf6
{[%clk 0:02:07]} Qe2+ {[%clk 0:00:33]} 37. Kg1 {[%clk 0:02:26]} Qd1+
{[%clk 0:00:35]} 38. Kg2 {[%clk 0:02:11]} Qc2+ {[%clk 0:00:41]} 39. Kg3
{[%clk 0:02:21]} Rdd8 {[%clk 0:00:33]} 40. Rf2 {[%clk 0:02:33]} 1-0

[Event "Small Nations"]
[Site "?"]
[Date "2015.04.19"]
[Round "1.6"]
[White "Rodgaard, John"]
[Black "Garcia Paolicchi, Raul"]
[Result "1/2-1/2"]
[WhiteElo "2340"]
[BlackElo "2146"]
[PlyCount "113"]
[EventDate "2015.??.??"]
[TimeControl "6000+1870"]
[WhiteClock "0:01:07"]
[BlackClock "0:09:34"]

1. c4 c5 2. Nf3 Nf6 3. Nc3 e6 4. g3 b6 5. Bg2 Bb7 6. O-O a6 7. d4 cxd4 8. Qxd4
Nc6 9. Qf4 Ne7 10. Qd4 Nc6 11. Qd1 Rc8 12. b3 Be7 13. Bf4 d6 14. Qd2 Qc7 15.
Rfd1 Rd8 16. Rac1 Qb8 17. Ng5 O-O 18. Na4 h6 19. Ne4 Nxe4 20. Bxe4 Ne5 21. Bxb7
Qxb7 22. Qe3 b5 23. Bxe5 bxa4 24. Bb2 axb3 25. axb3 d5 26. cxd5 Rxd5 27. Rxd5
Qxd5 28. Rc4 Qd1+ 29. Kg2 Qd5+ 30. f3 Bg5 31. Qe5 Bf6 32. Qxd5 exd5 33. Rc2
Bxb2 34. Rxb2 Rb8 35. Kf2 Kf8 36. Ke3 Ke7 37. Kd4 Kd6 38. Ra2 Rb4+ 39. Kc3 Rb6
40. Ra5 Kc6 41. h4 Kd6 42. h5 Kc6 43. Ra4 f6 44. Ra5 Kd6 45. g4 Kc6 46. f4 Kd6
47. e3 Kc6 48. Ra4 Kd6 49. Kd4 Ke6 50. e4 dxe4 51. Kxe4 f5+ 52. gxf5+ Kf6 53.
b4 Rd6 54. Ra5 Rb6 55. Ra4 Rd6 56. Ra1 Rb6 57. Ra4 1/2-1/2

[Event "Small Nations"]
[Site "?"]
[Date "2015.04.19"]
[Round "1.7"]
[White "Jose Queralto, Daniel"]
[Black "Poulsen, Martin"]
[Result "1/2-1/2"]
[BlackElo "2252"]
[WhiteElo "2154"]
[LiveChessVersion "1.4.5"]

1. e4 {[%clk 1:30:56]} c5 {[%clk 1:30:44]} 2. Nf3 {[%clk 1:30:32]} e6
{[%clk 1:28:30]} 3. d4 {[%clk 1:30:57]} cxd4 {[%clk 1:28:30]} 4. Nxd4
{[%clk 1:31:22]} Nc6 {[%clk 1:28:16]} 5. Nxc6 {[%clk 1:31:39]} bxc6
{[%clk 1:28:40]} 6. c4 {[%clk 1:29:17]} Nf6 {[%clk 1:25:13]} 7. Bd3
{[%clk 1:28:39]} e5 {[%clk 1:24:46]} 8. O-O {[%clk 1:25:40]} Bc5 {[%clk 1:24:58]}
9. Nc3 {[%clk 1:19:15]} O-O {[%clk 1:20:20]} 10. Rb1 {[%clk 1:18:27]} a5
{[%clk 1:07:26]} 11. Qf3 {[%clk 1:09:59]} Re8 {[%clk 0:59:13]} 12. h3
{[%clk 1:08:53]} Bb7 {[%clk 0:52:21]} 13. g4 {[%clk 1:02:55]} d6 {[%clk 0:50:25]}
14. a3 {[%clk 0:58:33]} Bd4 {[%clk 0:39:43]} 15. Ne2 {[%clk 0:49:07]} d5
{[%clk 0:33:34]} 16. Bg5 {[%clk 0:47:21]} Re6 {[%clk 0:28:50]} 17. b4
{[%clk 0:39:31]} axb4 {[%clk 0:14:34]} 18. Rxb4 {[%clk 0:38:21]} Qc7
{[%clk 0:09:01]} 19. Rfb1 {[%clk 0:35:54]} dxe4 {[%clk 0:05:30]} 20. Bxe4
{[%clk 0:35:34]} Nxe4 {[%clk 0:03:58]} 21. Qxe4 {[%clk 0:31:58]} Bc8
{[%clk 0:03:54]} 22. Nxd4 {[%clk 0:27:11]} exd4 {[%clk 0:04:22]} 23. Qxd4
{[%clk 0:26:53]} c5 {[%clk 0:02:29]} 24. Qd5 {[%clk 0:25:12]} cxb4
{[%clk 0:01:56]} 25. Qxa8 {[%clk 0:25:33]} Ra6 {[%clk 0:00:45]} 26. Qe4
{[%clk 0:24:01]} Re6 {[%clk 0:00:59]} 27. Qa8 {[%clk 0:14:28]} bxa3
{[%clk 0:00:59]} 28. Qxa3 {[%clk 0:12:36]} h6 {[%clk 0:00:45]} 29. Be3
{[%clk 0:11:22]} Qxc4 {[%clk 0:00:41]} 30. Rc1 {[%clk 0:10:38]} Qa6
{[%clk 0:00:49]} 31. Qxa6 {[%clk 0:10:42]} Bxa6 {[%clk 0:01:13]} 32. Rc7
{[%clk 0:10:52]} Bd3 {[%clk 0:01:06]} 33. Kh2 {[%clk 0:09:35]} Be4
{[%clk 0:01:23]} 34. Kg3 {[%clk 0:09:37]} Re8 {[%clk 0:01:27]} 35. Bc5
{[%clk 0:09:29]} Ra8 {[%clk 0:01:26]} 36. Re7 {[%clk 0:08:51]} Bd5
{[%clk 0:01:45]} 37. Rd7 {[%clk 0:09:00]} Be6 {[%clk 0:01:56]} 38. Ra7
{[%clk 0:09:03]} Rc8 {[%clk 0:01:53]} 39. Be3 {[%clk 0:08:54]} Rc3
{[%clk 0:01:53]} 40. Kh2 {[%clk 0:08:00]} Kh7 {[%clk 0:01:49]} 41. Kg2
{[%clk 0:07:40]} Rb3 {[%clk 0:02:00]} 42. Kh2 {[%clk 0:07:59]} Rb1
{[%clk 0:01:54]} 43. Rc7 {[%clk 0:08:07]} Bd5 {[%clk 0:01:17]} 44. Rc1
{[%clk 0:08:25]} Rxc1 {[%clk 0:01:34]} 1/2-1/2

[Event "Small Nations"]
[Site "?"]
[Date "2015.04.19"]
[Round "1.8"]
[White "Andreasen, Joan Hendrik"]
[Black "Mateu Guiu, Esteve"]
[Result "1-0"]
[BlackElo "2034"]
[WhiteElo "2227"]
[LiveChessVersion "1.4.5"]

1. d4 {[%clk 1:30:42]} Nf6 {[%clk 1:30:39]} 2. c4 {[%clk 1:30:58]} c5
{[%clk 1:30:21]} 3. d5 {[%clk 1:30:48]} e6 {[%clk 1:30:25]} 4. Nc3
{[%clk 1:31:01]} exd5 {[%clk 1:30:19]} 5. cxd5 {[%clk 1:31:26]} d6
{[%clk 1:30:23]} 6. e4 {[%clk 1:31:07]} g6 {[%clk 1:30:14]} 7. Nge2
{[%clk 1:31:30]} Na6 {[%clk 1:26:12]} 8. Ng3 {[%clk 1:27:54]} Nc7
{[%clk 1:25:39]} 9. Be2 {[%clk 1:26:10]} Bg7 {[%clk 1:25:12]} 10. O-O
{[%clk 1:26:05]} O-O {[%clk 1:22:39]} 11. Bg5 {[%clk 1:22:50]} Qe8
{[%clk 1:12:01]} 12. a4 {[%clk 1:18:50]} Bd7 {[%clk 1:02:37]} 13. Qd2
{[%clk 1:14:23]} b5 {[%clk 0:49:20]} 14. Qf4 {[%clk 1:08:20]} Qe7
{[%clk 0:35:48]} 15. axb5 {[%clk 1:06:07]} Rfb8 {[%clk 0:31:49]} 16. Rfe1
{[%clk 0:53:31]} Bxb5 {[%clk 0:19:23]} 17. Bxb5 {[%clk 0:45:11]} Nxb5
{[%clk 0:19:27]} 18. Nxb5 {[%clk 0:33:57]} Rxb5 {[%clk 0:19:52]} 19. Qd2
{[%clk 0:27:38]} Qb7 {[%clk 0:17:45]} 20. Ra2 {[%clk 0:19:52]} Ng4
{[%clk 0:17:16]} 21. h3 {[%clk 0:19:18]} Ne5 {[%clk 0:17:30]} 22. Qc2
{[%clk 0:17:49]} Rb3 {[%clk 0:13:45]} 23. Bd2 {[%clk 0:13:15]} Qb5
{[%clk 0:05:57]} 24. Bc3 {[%clk 0:11:52]} c4 {[%clk 0:03:36]} 25. Ne2
{[%clk 0:09:57]} Nd3 {[%clk 0:02:57]} 26. Rea1 {[%clk 0:07:31]} Qb6
{[%clk 0:02:42]} 27. Nc1 {[%clk 0:07:25]} Nxc1 {[%clk 0:01:51]} 28. Qxc1
{[%clk 0:07:15]} Bxc3 {[%clk 0:02:12]} 29. bxc3 {[%clk 0:07:41]} a5
{[%clk 0:02:23]} 30. Ra4 {[%clk 0:07:34]} Rb2 {[%clk 0:02:26]} 31. Qf4
{[%clk 0:07:30]} Rc2 {[%clk 0:02:02]} 32. Rxc4 {[%clk 0:05:58]} Qb2
{[%clk 0:01:10]} 33. Rca4 {[%clk 0:06:17]} Qxc3 {[%clk 0:00:49]} 34. Qxd6
{[%clk 0:06:23]} Qd2 {[%clk 0:01:02]} 35. Qf6 {[%clk 0:06:00]} Ra6
{[%clk 0:01:22]} 36. Qd4 {[%clk 0:05:59]} Qxd4 {[%clk 0:00:37]} 37. Rxd4
{[%clk 0:06:23]} Kf8 {[%clk 0:00:49]} 38. Rda4 {[%clk 0:06:05]} Rf6
{[%clk 0:00:40]} 39. f3 {[%clk 0:05:56]} Rb6 {[%clk 0:01:06]} 40. R1a2
{[%clk 0:05:51]} Rc1+ {[%clk 0:01:31]} 41. Kh2 {[%clk 0:05:52]} h5
{[%clk 0:00:54]} 42. h4 {[%clk 0:06:09]} Rbb1 {[%clk 0:26:16]} 43. Rxa5
{[%clk 0:35:56]} Rh1+ {[%clk 0:26:41]} 44. Kg3 {[%clk 0:36:22]} g5
{[%clk 0:25:08]} 45. hxg5 {[%clk 0:31:36]} h4+ {[%clk 0:25:19]} 46. Kf4
{[%clk 0:31:55]} Rb3 {[%clk 0:22:19]} 47. R5a3 {[%clk 0:29:00]} Rb6
{[%clk 0:22:03]} 48. Kf5 {[%clk 0:28:39]} Kg7 {[%clk 0:22:13]} 49. f4
{[%clk 0:28:40]} Re1 {[%clk 0:21:41]} 50. e5 {[%clk 0:28:15]} Rd1
{[%clk 0:21:24]} 51. d6 {[%clk 0:28:23]} Rb5 {[%clk 0:21:43]} 52. Kg4
{[%clk 0:28:25]} Rd4 {[%clk 0:21:42]} 53. Ra4 {[%clk 0:28:23]} Rd3
{[%clk 0:21:50]} 54. Kxh4 {[%clk 0:24:20]} Kg6 {[%clk 0:21:50]} 55. R2a3
{[%clk 0:19:18]} Rd1 {[%clk 0:22:04]} 56. Kg4 {[%clk 0:19:17]} Rb2
{[%clk 0:21:50]} 57. g3 {[%clk 0:19:24]} Re2 {[%clk 0:21:38]} 58. Ra6
{[%clk 0:19:05]} Red2 {[%clk 0:21:12]} 59. Rb6 {[%clk 0:18:58]} Rd4
{[%clk 0:21:11]} 60. Rb8 {[%clk 0:18:10]} 1-0

[Event "Small Nations"]
[Site "?"]
[Date "2015.04.19"]
[Round "1.9"]
[White "Kobler, Mario"]
[Black "Klerides, Paris"]
[Result "1/2-1/2"]
[BlackElo "2183"]
[WhiteElo "2108"]
[LiveChessVersion "1.4.5"]

1. Nf3 Nf6 2. c4 g6 3. g3 Bg7 4. Bg2 O-O 5. O-O d6 6. Nc3 e5 7. d3 Nc6 8. Ne1 h6
9. Rb1 a5 10. a3 Nd4 {[%clk 1:20:21]} 11. e3 {[%clk 1:19:16]} Ne6
{[%clk 1:19:40]} 12. f4 {[%clk 1:15:24]} exf4 {[%clk 1:12:14]} 13. gxf4
{[%clk 1:15:20]} c6 {[%clk 1:10:00]} 14. b4 {[%clk 1:07:52]} axb4
{[%clk 1:09:45]} 15. axb4 {[%clk 1:08:11]} d5 {[%clk 1:03:15]} 16. cxd5
{[%clk 1:00:19]} cxd5 {[%clk 0:59:33]} 17. Ne2 {[%clk 0:57:42]} Qb6
{[%clk 0:52:24]} 18. Nc2 {[%clk 0:53:58]} Bd7 {[%clk 0:49:23]} 19. b5
{[%clk 0:46:12]} Ra5 {[%clk 0:44:14]} 20. Ncd4 {[%clk 0:39:30]} Nxd4
{[%clk 0:43:04]} 21. Nxd4 {[%clk 0:39:51]} Ng4 {[%clk 0:40:46]} 22. Nc2
{[%clk 0:26:32]} Rxb5 {[%clk 0:37:48]} 23. Bd2 {[%clk 0:22:31]} Rc8
{[%clk 0:34:54]} 24. Rxb5 {[%clk 0:16:21]} Qxb5 {[%clk 0:35:19]} 25. Nb4
{[%clk 0:13:17]} Nxe3 {[%clk 0:31:53]} 26. Bxe3 {[%clk 0:13:33]} Qxb4
{[%clk 0:32:19]} 27. Bxd5 {[%clk 0:13:28]} Bd4 {[%clk 0:32:02]} 28. Qf3
{[%clk 0:12:24]} Re8 {[%clk 0:24:36]} 29. Bxf7+ {[%clk 0:11:39]} Kxf7
{[%clk 0:23:20]} 30. Qd5+ {[%clk 0:11:21]} Be6 {[%clk 0:23:47]} 31. Qxd4
{[%clk 0:11:26]} Qxd4 {[%clk 0:24:10]} 32. Bxd4 {[%clk 0:11:51]} Rd8
{[%clk 0:24:30]} 33. Be5 {[%clk 0:10:21]} Rxd3 {[%clk 0:24:53]} 34. Rc1 b5
{[%clk 0:22:21]} 35. Rc7+ {[%clk 0:07:49]} Rd7 {[%clk 0:21:48]} 36. Kf2
{[%clk 0:02:54]} b4 {[%clk 0:19:52]} 37. Ke3 {[%clk 0:01:31]} b3 {[%clk 0:18:27]}
38. Rxd7+ {[%clk 0:01:49]} Bxd7 {[%clk 0:18:55]} 39. Kd3 {[%clk 0:01:52]} Bf5+
{[%clk 0:14:12]} 40. Kc3 {[%clk 0:01:59]} Bc2 {[%clk 0:14:29]} 41. h4
{[%clk 0:01:57]} 1/2-1/2

[Event "Small Nations"]
[Site "?"]
[Date "2015.04.19"]
[Round "1.10"]
[White "Constantinou, Pavlos"]
[Black "Frick, Renato"]
[Result "0-1"]
[BlackElo "2056"]
[WhiteElo "2057"]
[LiveChessVersion "1.4.5"]

1. d4 {[%clk 1:30:53]} d5 {[%clk 1:30:49]} 2. c4 {[%clk 1:31:10]} e6
{[%clk 1:31:12]} 3. Nc3 {[%clk 1:31:27]} Nf6 {[%clk 1:31:28]} 4. cxd5
{[%clk 1:31:25]} exd5 {[%clk 1:31:22]} 5. Bg5 {[%clk 1:31:36]} Be7
{[%clk 1:29:50]} 6. e3 {[%clk 1:31:31]} O-O {[%clk 1:29:36]} 7. Nf3
{[%clk 1:31:58]} c6 {[%clk 1:23:57]} 8. Qc2 {[%clk 1:28:30]} Re8 {[%clk 1:19:03]}
9. Bd3 {[%clk 1:27:52]} Nbd7 {[%clk 1:16:38]} 10. O-O {[%clk 1:27:24]} Nf8
{[%clk 1:13:50]} 11. h3 {[%clk 1:21:59]} Ne4 {[%clk 1:05:57]} 12. Bxe7
{[%clk 1:13:42]} Qxe7 {[%clk 1:05:40]} 13. Rab1 {[%clk 1:13:08]} Bf5
{[%clk 1:03:14]} 14. b4 {[%clk 1:09:19]} Rac8 {[%clk 0:58:30]} 15. Rfc1
{[%clk 0:57:07]} Nd7 {[%clk 0:46:34]} 16. b5 {[%clk 0:49:08]} Nb6
{[%clk 0:42:14]} 17. Qe2 {[%clk 0:40:22]} cxb5 {[%clk 0:33:38]} 18. Nd1
{[%clk 0:08:22]} a6 {[%clk 0:31:35]} 19. Ne5 {[%clk 0:05:32]} f6 {[%clk 0:24:06]}
20. Nf3 {[%clk 0:04:53]} Rxc1 {[%clk 0:14:40]} 21. Rxc1 {[%clk 0:05:15]} Nc4
{[%clk 0:14:57]} 22. Rb1 {[%clk 0:00:58]} Rc8 {[%clk 0:11:40]} 23. Rc1
{[%clk 0:00:35]} Qa3 {[%clk 0:09:07]} 24. Rb1 {[%clk 0:00:34]} Ng3
{[%clk 0:08:45]} 0-1